书目信息 |
| 题名: |
C语言程序设计教程题解及实验
|
|
| 作者: | 蔡启先 主编 ;吴中福 总主编 | |
| 分册: | ||
| 出版信息: | 重庆 重庆大学出版社 2001.10 |
|
| 页数: | 215页 | |
| 开本: | 26cm | |
| 丛书名: | 21世纪高等学校本科系列教材 | |
| 单 册: | ||
| 中图分类: | TP312 | |
| 科图分类: | ||
| 主题词: | C语言--程序设计--高等学校--教学参考资料 , C语言 , 程序设计 | |
| 电子资源: | ||
| ISBN: | 7-5624-2334-2 | |
| 000 | 00877nam2 2200277 45 | |
| 001 | 012004000000 | |
| 005 | 20041130102525.15 | |
| 010 | @a7-5624-2334-2@dCNY 20.00 | |
| 100 | @a20041009e2001 em y0chiy0121 ea | |
| 101 | 0 | @achi |
| 102 | @aCN@b500000 | |
| 105 | @aak z 000yy | |
| 200 | 1 | @aC语言程序设计教程题解及实验@AC yu yan cheng xu she ji jiao cheng ti jie ji shi yan@f蔡启先主编 |
| 210 | @a重庆@c重庆大学出版社@d2001.10@h2002重印 | |
| 215 | @a215页@c图, 表格@d26cm | |
| 225 | 2 | @a21世纪高等学校本科系列教材@f吴中福总主编 |
| 320 | @a本书含附录 | |
| 410 | 0 | @12001 @a21世纪高等学校本科系列教材 |
| 606 | 0 | @aC语言@x程序设计@x高等学校@j教学参考资料 |
| 606 | 0 | @aC语言 |
| 606 | 0 | @a程序设计 |
| 690 | @aTP312@v4 | |
| 701 | 0 | @a蔡启先@Acai qi xian@4主编 |
| 702 | 0 | @a吴中福@Awu zhong fu@4总主编 |
| 801 | 0 | @aCN@bQSSKt@c20041130 |
| 905 | @a10447@dTP312@eC0401 | |
| C语言程序设计教程题解及实验/蔡启先主编.-重庆:重庆大学出版社,2001.10(2002重印) |
| 215页:图, 表格;26cm.-(21世纪高等学校本科系列教材/吴中福总主编) |
| ISBN 7-5624-2334-2:CNY 20.00 |
| ● |
| 相关链接 |
|
|
|
正题名:C语言程序设计教程题解及实验
索取号:TP312/C0401
 
预约/预借
| 序号 | 登录号 | 条形码 | 馆藏地/架位号 | 状态 | 备注 |
| 1 | 428334 | 204283346 | 期刊室512/301自科库 44排2列3层/ [索取号:TP312/C0401] | 在馆 | |
| 2 | 428335 | 204283355 | 自科二线504/504自科库 1排2列5层/ [索取号:TP312/C0401] | 在馆 | |
| 3 | 428336 | 204283364 | 期刊室512/301自科库 44排2列3层/ [索取号:TP312/C0401] | 在馆 |